000 00738nam a2200289 a 4500
003 AR-BaBNM
005 20251128202915.0
008 082120s2002 ||||||||||||||000 | spa||
020 _a968-16-2425-4
040 _cAR-BaBNM
100 0 _aLuis
_bXIV
245 0 0 _aLuis XIV
_bmemorias
250 _a1ª ed.
260 _aMéxico, D.F.
_bFondo de Cultura Económica
_c1989
300 _a218 p.
490 0 _aSección de obras de historia
650 4 _aBIOGRAFIAS
650 4 _aHISTORIA EUROPEA
650 4 _aHISTORIA POLITICA
650 4 _aSIGLO DIECISIETE
650 4 _aSIGLO DIECIOCHO
651 4 _aFrancia
655 _aBIOGRAFIAS
700 1 _aGarzón del Camino, Aurelio
_etraductor
942 _cBK
998 _cEnrique
999 _c1141
_d1141